000 00359 a2200109 4500
001 ART_44821
005 20260410162005.0
008 260409a
245 1 0 _aFactor productivity in the Argentinean Agriculture
100 1 _aHerrou-Aragón, Alberto
773 0 _tRevista de economía y estadística
_g- Vol. XLV, Nº 1 (oct. 2007)
_wREV34359
999 _c31596
_d31596